LEADER 01387nam1 2200397 450 001 990003325410203316 005 20091022125116.0 035 $a000332541 035 $aUSA01000332541 035 $a(ALEPH)000332541USA01 035 $a000332541 100 $a20091006d--------km-y0itay50------ba 101 $aita 102 $aIT 105 $a||||||||001yy 200 1 $aTrattato di medicina legale e scienze affini$fdiretto da Giusto Giusti 205 $a2. edizione 210 $aPadova$cCEDAM 215 $a5 v.$d25 cm 463 \1$1001990003325450203316$12001 $a<> Tutela della persona 463 \1$1001990003325500203316$12001 $a<> Semeiotica medico legale 463 \1$1001990003325620203316$12001 $a<> Patologia forense 463 \1$1001990003336250203316$12001 $a<> Genetica, psichiatria forense e criminologia, medecina del lavoro 463 \1$1001990003338630203316$12001 $a<> Tossicologia, errori professionali, opinioni 606 0 $aMedicina legale 676 $a614.1 702 1$aGIUSTI,$bGiusto 801 0$aIT$bsalbc$gISBD 912 $a990003325410203316 951 $aXXVI 1 F$bG.$cXXVI 959 $aBK 969 $aGIU 979 $aFIORELLA$b90$c20091006$lUSA01$h0956 979 $aCHIARA$b90$c20091022$lUSA01$h1251 996 $aTrattato di medicina legale e scienze affini$9650098 997 $aUNISA LEADER 01310nam0-22004211i-450- 001 990006853080403321 005 20050513124343.0 010 $a88-243-1226-8 035 $a000685308 035 $aFED01000685308 035 $a(Aleph)000685308FED01 035 $a000685308 100 $a20010426d1997----km-y0itay50------ba 101 0 $aita 102 $aIT 105 $ay---n---001yy 200 1 $aAbilitazioni alle trasformazioni urbanistiche ed edilizie$elottizzazione, concessione, autorizzazione, denunciainizio attivita', riscontri di conformitè$ecommento comprensivo della "Bassanini-bis"$fRomilda Giuffrè, Vincenzo Giuffrè. 210 $aNapoli$cJovene$d1997 215 $aLVIII, 323 p.$d24 cm 610 0 $aDIRITTO dell'urbanistica 676 $a344.4506 676 $a342 676 $a340 700 1$aGiuffrè,$bRomilda$0411509 701 1$aGiuffrè,$bVincenzo$0352913 801 0$aIT$bUNINA$gRICA$2UNIMARC 901 $aBK 912 $a990006853080403321 952 $aVI D 934$b4816$fDDA 952 $aI G 317$b31108$fFSPBC 952 $aD-86$b8536 dip.$fDDRC 952 $a22-T-227$b9903$fDDCP 959 $aDDA 959 $aFSPBC 959 $aDDRC 959 $aDDCP 996 $aAbilitazioni alle trasformazioni urbanistiche ed edilizie$9626983 997 $aUNINA LEADER 03626nam 22007453u 450 001 9910790356703321 005 20230801223349.0 010 $a1-280-87946-7 010 $a9786613720771 010 $a1-4625-0487-6 035 $a(CKB)2670000000206433 035 $a(EBL)929369 035 $a(OCoLC)796815910 035 $a(SSID)ssj0000691645 035 $a(PQKBManifestationID)12260819 035 $a(PQKBTitleCode)TC0000691645 035 $a(PQKBWorkID)10634990 035 $a(PQKB)10171560 035 $a(MiAaPQ)EBC929369 035 $a(EXLCZ)992670000000206433 100 $a20130527d2012|||| u|| | 101 0 $aeng 135 $aur|n|---||||| 181 $ctxt 182 $cc 183 $acr 200 10$aMotivational Interviewing in the Treatment of Anxiety$b[electronic resource] 210 $aNew York $cGuilford Publications$d2012 215 $a1 online resource (289 p.) 225 1 $aApplications of Motivational Interviewing 300 $aDescription based upon print version of record. 311 $a1-4625-0481-7 327 $aCover; Front Matter; Contents; Part I--Integrating Motivational Interviewing into the Treatment of Anxiety and Related Problems; 1--Where and Why Motivational Interviewing Fits; 2--The Spirit of Motivational Interviewing; Part II--Assessing Readiness for Change; 3--Observing Resistance; 4--Asking about Readiness; Part III--Understanding Ambivalence and Building Resolve; 5--Introduction to Working with Ambivalence; 6--Understanding and Reframing Resistance to Change; 7--Evoking and Elaborating Change Talk; 8--Developing Discrepancy 327 $aPart IV--Extending Motivational Interviewing into the Action Phase9--Evoking and Elaborating Client Expertise; 10--Sharing Your Expertise; 11--Listening Reflectively; 12--Rolling with Resistance; Part V--Putting It All Together; 13--Integrated Case Example; Epilogue: Training and Future Directions; Appendix: Resources and Recommended Readings; References; Index 330 $aThis practical book provides effective strategies for helping therapy clients with anxiety resolve ambivalence and increase their intrinsic motivation for change. The author shows how to infuse the spirit and methods of motivational interviewing (MI) into cognitive-behavioral therapy or any other anxiety-focused treatment. She describes specific ways to use MI as a pretreatment intervention or integrate it throughout the course of therapy whenever motivational impasses occur. Vivid clinical material--including a chapter-length case example of a client presenting with anxiety and depressio 410 0$aApplications of Motivational Interviewing 606 $aAnxiety 606 $aAnxiety - Treatment 606 $aMotivational interviewing 606 $aAnxiety$xTreatment 606 $aMotivational interviewing 606 $aAnxiety 606 $aAnxiety$xtherapy 606 $aMotivational Interviewing 606 $aCounseling$zmethods 606 $aMotivation 615 4$aAnxiety. 615 4$aAnxiety - Treatment. 615 4$aMotivational interviewing. 615 0$aAnxiety$xTreatment 615 0$aMotivational interviewing 615 0$aAnxiety 615 12$aAnxiety$xtherapy. 615 22$aMotivational Interviewing. 615 22$aCounseling 615 22$aMotivation. 676 $a616.85220651 700 $aWestra$b Henny A$01490737 801 0$bAU-PeEL 801 1$bAU-PeEL 801 2$bAU-PeEL 906 $aBOOK 912 $a9910790356703321 996 $aMotivational Interviewing in the Treatment of Anxiety$93712203 997 $aUNINA